<?xml version='1.0' encoding='UTF-8'?>
  <record xmlns="http://www.loc.gov/MARC21/slim">
    <leader>00000cam a22000007i 4500</leader>
    <controlfield tag="001">ocm67909464</controlfield>
    <controlfield tag="003">OCoLC</controlfield>
    <controlfield tag="005">20250107151715.5</controlfield>
    <controlfield tag="008">990527s1491    ne            000 0 dut d</controlfield>
    <datafield tag="040" ind1=" " ind2=" ">
      <subfield code="a">NLGGC</subfield>
      <subfield code="b">dut</subfield>
      <subfield code="e">fobidrtb</subfield>
      <subfield code="c">NLGGC</subfield>
      <subfield code="d">QGJ</subfield>
      <subfield code="d">OCLCQ</subfield>
    </datafield>
    <datafield tag="029" ind1="0" ind2=" ">
      <subfield code="a">NLGGC</subfield>
      <subfield code="b">18289262X</subfield>
    </datafield>
    <datafield tag="035" ind1=" " ind2=" ">
      <subfield code="a">(OCoLC)67909464</subfield>
    </datafield>
    <datafield tag="041" ind1="1" ind2=" ">
      <subfield code="a">dut</subfield>
      <subfield code="h">lat</subfield>
    </datafield>
    <datafield tag="245" ind1="0" ind2="0">
      <subfield code="a">Ars moriendi "Quamvis secundum philosophum tertio Ethicorum ..." [Nederlands] Sterfboek.</subfield>
    </datafield>
    <datafield tag="246" ind1="3" ind2=" ">
      <subfield code="a">Sterfboek</subfield>
    </datafield>
    <datafield tag="246" ind1="3" ind2=" ">
      <subfield code="a">sterfboeck oft die conste van sterven</subfield>
    </datafield>
    <datafield tag="260" ind1=" " ind2=" ">
      <subfield code="a">Zwolle :</subfield>
      <subfield code="b">Peter van Os,</subfield>
      <subfield code="c">4 juni 1491.</subfield>
    </datafield>
    <datafield tag="300" ind1=" " ind2=" ">
      <subfield code="b">houtsnede. ;</subfield>
      <subfield code="c">in-2.</subfield>
    </datafield>
    <datafield tag="336" ind1=" " ind2=" ">
      <subfield code="a">tekst</subfield>
      <subfield code="b">txt</subfield>
      <subfield code="2">rdacontent/dut</subfield>
    </datafield>
    <datafield tag="337" ind1=" " ind2=" ">
      <subfield code="a">zonder medium</subfield>
      <subfield code="b">n</subfield>
      <subfield code="2">rdamedia/dut</subfield>
    </datafield>
    <datafield tag="338" ind1=" " ind2=" ">
      <subfield code="a">band</subfield>
      <subfield code="b">nc</subfield>
      <subfield code="2">rdacarrier/dut</subfield>
    </datafield>
    <datafield tag="500" ind1=" " ind2=" ">
      <subfield code="a">De afbeeldingen op de CD-ROM 'Illustrated ISTC' zijn afkomstig uit signatuur: KBH 171 E 29.</subfield>
    </datafield>
    <datafield tag="500" ind1=" " ind2=" ">
      <subfield code="a">Incipit: Dit tegenwoerdighe boeck is gheheten ende ghenoemt Dat sterfboeck oft die conste van sterven.</subfield>
    </datafield>
    <datafield tag="500" ind1=" " ind2=" ">
      <subfield code="a">Collatie: a-o:6.</subfield>
    </datafield>
    <datafield tag="510" ind1="0" ind2=" ">
      <subfield code="a">C 677; Camp 1621; ILC 285; ZD 73; CIBN A-610; Elliott-Loose 46; IDL 431; Pr 9140; BMC IX 87; GW 2596; Holtrop BRH I 500</subfield>
    </datafield>
    <datafield tag="710" ind1="0" ind2=" ">
      <subfield code="a">Os, Pieter van (Zwolle)</subfield>
      <subfield code="4">prt</subfield>
      <subfield code="0">(NL-LeOCL)114252017</subfield>
    </datafield>
    <datafield tag="776" ind1="0" ind2=" ">
      <subfield code="t">Ars moriendi "Quamvis secundum philosophum tertio Ethicorum ..." [Nederlands] Sterfboek</subfield>
      <subfield code="w">(NL-LeOCL)377558605</subfield>
    </datafield>
    <datafield tag="856" ind1="4" ind2="2">
      <subfield code="y">Incunabula Short Title Catalogue</subfield>
      <subfield code="q">html</subfield>
      <subfield code="u">http://lijsten.kb.nl/oplossing.htm?bron=ISTC&amp;no=ia01121200</subfield>
      <subfield code="z">zie de beschrijving bij de ISTC voor volledige bibliografische verwijzingen en vindplaatsen wereldwijd</subfield>
    </datafield>
    <datafield tag="856" ind1="4" ind2="2">
      <subfield code="y">Watermerken</subfield>
      <subfield code="q">html</subfield>
      <subfield code="u">http://lijsten.kb.nl/oplossing.htm?bron=WILC&amp;ILC=285</subfield>
      <subfield code="z">afbeeldingen van de watermerken die gevonden zijn in het papier van deze druk</subfield>
    </datafield>
    <datafield tag="936" ind1=" " ind2=" ">
      <subfield code="a">BATCHLOAD</subfield>
    </datafield>
  </record>